00282nam a2200121Ia 4500008004100000041000900041082001700050100001700067245002000084260004000104300000800144650000800152230718s9999 xx 000 0 und d aEng. a929.2bCRU-C aCruz, Peter  0aComperative Law aPakistanbCavendish Publisherc1999 a512 aLaw